| 000 | 01136cab a2200205 4500 | ||
|---|---|---|---|
| 001 | ##L132844 | ||
| 008 | 060314n2006 000 0 eng u | ||
| 035 | _a(Sirsi) u132844 | ||
| 041 | 0 | _aeng | |
| 100 | 1 | _aSibert, Dave | |
| 245 | 0 | 0 | _aCheck points |
| 260 | _c2006 | ||
| 490 | 0 |
_aFire Prevention Fire Engineers Journal _v66(266) March 2006, 26-28(3) |
|
| 520 | _aOffers a brief guide to the risk assessment process introduced by the Regulatory Reform (Fire Safety) Order 2005, which is due to come into force later this year. The assessment, to be carried out by an employer, occupier and/or owner of premises, consists of identifying the fire risk and the location of people at serious risk in case of fire, evaluating the risk and carrying out any improvements needed, and recording the findings and any action taken. The assessment must also be kept under review. Also outlines the enforcement powers of the fire authority. | ||
| 590 | _aIKA140306 | ||
| 650 | 2 | 4 | _aREGULATORY REFORM (FIRE SAFETY) ORDER 2005 |
| 690 | _aMANAGEMENT-HEALTH AND SAFETY-FIRE SAFETY-FIRE RISK ASSESSMENT | ||
| 700 | 1 | _aCheyne, Neil | |
| 942 | _n0 | ||
| 999 |
_c76656 _d76656 |
||